| 000 | 01510nam a2200373 i 4500 | ||
|---|---|---|---|
| 001 | 000017875 | ||
| 003 | DO-SdBNP | ||
| 005 | 20260519104055.0 | ||
| 007 | ta | ||
| 008 | 100407s1971 dr r 000 0 spa d | ||
| 040 |
_aDO-SdBNP _bspa _cBNPHU _erda |
||
| 041 | _aspa | ||
| 082 | 4 |
_a972.9304 _bH695p _222 |
|
| 100 | 1 |
_aHoetink, H., _d1931- _eautor _4aut. _937205 |
|
| 245 | 1 | 3 |
_aEl pueblo dominicano (1850-1900) : _bapuntes para su sociología histórica / _cH. Hoetink ; traducción, Ligia Espinal de Hoetink. |
| 264 | 1 |
_aSantiago de los Caballeros, República Dominicana : _bUCMM, _c1971. |
|
| 300 |
_a350 páginas ; _c19 cm. |
||
| 336 |
_atexto _btxt _2rdacontent |
||
| 337 |
_asin mediación _bnc _2rdamedia |
||
| 338 |
_avolumen _bn _2rdacarrier |
||
| 490 | 0 | _aColección Estudios | |
| 500 | _aIncluye referencias bibliográficas y notas al pie de las páginas | ||
| 504 | _aBibliografía : páginas 341-347 | ||
| 590 | _aInventariado, 2019/BT | ||
| 650 | 4 |
_aRepública Dominicana _xPoblación _938792 |
|
| 651 | 4 |
_aRepública Dominicana _xCondiciones sociales _946 _y1850-1900 |
|
| 651 | 4 |
_aRepública Dominicana _xCondiciones económicas _9281 _y1850-1900 |
|
| 651 | 4 |
_aRepública Dominicana _xPoblación _y1850-1900 _984394 |
|
| 651 | 4 |
_aRepública Dominicana _xHistoria _y1850-1900 _984395 |
|
| 700 | 1 |
_aEspinal Hoetink, Ligia, _etraductor _4tr. _938793 |
|
| 710 | 2 |
_aPontificia Universidad Católica Madre y Maestra _9843 |
|
| 910 | _aBtavárez/Validado. Control de calidad MFF | ||
| 942 |
_2ddc _cLBS1 |
||
| 999 |
_c17399 _d17399 |
||